000 00312nam a22001337a 4500
008 181012b xxu||||| |||| 00| 0 eng d
020 _a0874886333
041 _aeng
080 _22nd
_a617
100 _a8
101 _aOFT
245 _aHandbook of Ophthalmologic Emergencies
_cGombos,G.M
942 _2udc
_cBK
999 _c49472
_d49472